[Event "Diamond Cement GM Open 2018"]
[Site "Chittagong"]
[Date "2018.09.03"]
[Round "2"]
[White "Dhulipalla Bala Chandra Prasa"]
[Black "Rajbhandari, Rijendra"]
[Result "1/2-1/2"]
[WhiteElo "2352"]
[BlackElo "1937"]
[Annotator "TA"]
[PlyCount "164"]
[EventDate "2018.09.02"]
[EventCountry "BAN"]
[SourceTitle "playchess.com"]
[Source "ChessBase"]
[SourceQuality "1"]

{[%evp 17,164,5,4,-9,-16,-27,0,0,20,12,38,31,70,59,49,55,43,22,51,59,77,78,85,77,213,210,189,127,146,123,128,105,87,0,70,66,71,81,69,46,50,39,39,45,84,27,24,24,100,63,84,84,84,0,84,0,42,29,41,51,84,84,92,84,92,92,104,73,84,84,84,0,0,0,84,83,85,85,107,107,119,92,92,-616,92,41,56,56,58,20,20,20,26,26,27,0,20,0,0,0,0,0,0,0,7,7,7,7,7,0,0,0,6,0,7,7,7,0,6,0,7,7,7,7,7,7,7,0,0,0,7,7,7,0,135,0,135,0,0,-29977,0,0,135,0,135,0,0,0,135]} 1. Nf3 d5 2. g3 Bg4 3. Bg2 Nd7 4. O-O c6 5. d3 Ngf6 6. Nbd2 e6 7. h3 Bh5 8. e4 Bd6 {A07: Réti Opening: New York and Capablanca Systems} 9. Qe1 Qc7 {LiveBook: 17 Games} 10. a3 O-O 11. b3 dxe4 12. dxe4 {[%cal Bd3e4,Be4e5][%mdl 32]} Ne5 $146 ({Predecessor:} 12... Bxf3 13. Nxf3 Rfe8 14. Bb2 e5 15. Nd2 Bf8 16. Qe2 {1-0 (41) Normantas,V (2615)-Grehl,T (2285) ICCF corr 1994}) 13. Nh2 Bc5 14. Bb2 Ned7 15. e5 $36 {[%mdl 2048] White has some pressure.} Nd5 16. c4 N5b6 $1 17. Ng4 Rad8 18. Ne4 Bxg4 19. hxg4 Be7 20. Qa5 c5 (20... Na8 $16 21. Qxa7 Nxe5) 21. Qc3 $1 $18 Nb8 {[%cal Bd7b8,Bb8c6,Bc6d4,Bd4e2][%mdl 32]} 22. Qe3 (22. Nf6+ $18 Kh8 23. Ne4) 22... N6d7 $16 {[%cal Bb6d7,Bd7b8,Bb8c6][%mdl 32] [#]} 23. f4 $1 Nc6 24. Rad1 Nd4 25. Nc3 (25. g5 $16) 25... a6 (25... Qb6 $1 $11) 26. Ne2 Nxe2+ 27. Qxe2 Nb8 28. Be4 Nc6 29. g5 Rxd1 30. Rxd1 Rd8 31. Kg2 (31. Rxd8+ $16 Nxd8 32. Qd3) 31... Rxd1 $11 32. Qxd1 Qd8 (32... g6 $11) 33. Qc2 g6 34. Bxc6 $1 bxc6 35. Kf3 ({White should try} 35. Bc3 $16) 35... Kg7 (35... Qf8 $11) 36. Ke2 (36. g4 $16) 36... h6 37. gxh6+ Kxh6 38. Qe4 Qd7 39. g4 Kh7 40. Bc3 Kg8 41. Qf3 Qb7 42. Ba5 Qd7 43. Qe3 Kg7 44. Bb6 Qb7 45. Ba5 Qd7 46. Qd3 Qxd3+ 47. Kxd3 $16 {[%mdl 4096] Endgame KB-KB} Kf8 48. Ke4 Ke8 49. Bc7 Kd7 50. Bb8 $2 {[%mdl 8192] [#]} (50. Bb6 $16) 50... Bh4 $2 ({Better is} 50... Kc8 $1 $19 51. Bd6 f5+ 52. Ke3 Bxd6 53. exd6 Kd7) 51. Bd6 ({White should play} 51. Ba7 $16) 51... Bf2 52. Bf8 Bg1 53. f5 gxf5+ 54. gxf5 Bf2 55. Kf4 Bd4 $1 56. Ke4 Bf2 57. f6 Bg1 58. Bh6 Ke8 59. Bd2 Bd4 60. Bc1 Bf2 61. Bb2 Kd7 62. Bc3 Kc8 63. Ba5 Kb7 64. Bd2 {With the idea Be3.} Kc7 65. Bc3 Kb6 66. Bb2 Bg1 67. Bc1 Kc7 68. Bd2 Bd4 69. Ba5+ Kb7 70. Kf4 Bb2 71. a4 Kc8 72. Bb6 Ba3 73. Ba5 Bb2 74. Ke4 Bd4 75. Bb6 Bc3 (75... Kd7 $11 {keeps the balance.}) 76. Kf4 (76. Bxc5 $16 Kc7 77. Bd6+ Kc8 78. Bf8) 76... Kd7 (76... Bd4 $11) 77. Ke4 (77. Bxc5 $16 Bd2+ 78. Ke4) 77... Bb4 78. Bc7 $2 {[%mdl 8192]} (78. Kd3 $11) 78... Bc3 $2 (78... Kxc7 {mates} 79. Kd3 Kb6 80. Kc2 Be1 81. Kd1 Bc3 82. Ke2 Bxe5 83. Kf3 Ka5 84. Ke3 Kb4 85. Ke2 Kxb3 86. Kf3 Kxc4 87. a5 Kd3 88. Kg4 Bxf6 89. Kh5 c4 90. Kh6 c3 91. Kh7 c2 92. Kg8 c1=Q 93. Kxf7 Qf4 94. Kg6 Bd4 95. Kh5 Qf5+ 96. Kh6 Qg4 97. Kh7 Qg7#) 79. Bb6 Bb2 (79... Bb4 $11) 80. Ba7 (80. Bxc5 $16 Bc3 81. Kf4) 80... Bc3 (80... Ba3 $11 {remains equal.}) 81. Kf4 (81. Bxc5 $16 Bb2 82. b4) 81... Bd2+ $11 82. Ke4 Bc1 {Precision: White = 34%, Black = 48%.} (82... Bc3 $11) 1/2-1/2

[Event "Diamond Cement GM Open 2018"]
[Site "Chittagong"]
[Date "2018.09.03"]
[Round "2"]
[White "Anustoop Biswas"]
[Black "Barua, Dibyendu"]
[Result "0-1"]
[WhiteElo "2308"]
[BlackElo "2443"]
[Annotator "TA"]
[PlyCount "146"]
[EventDate "2018.09.02"]
[EventCountry "BAN"]
[SourceTitle "playchess.com"]
[Source "ChessBase"]
[SourceQuality "1"]

{[%evp 32,146,72,66,60,-22,-6,-53,-42,-55,-48,-60,-23,-29,-29,-36,-40,-38,0,-31,-34,-29,-25,-59,-57,-58,-47,-52,-67,-73,-76,-129,-126,-144,-135,-133,-127,-130,-92,-164,-154,-152,-137,-158,-143,-232,-233,-353,-247,-247,-198,-220,-209,-356,-352,-391,-201,-201,-201,-197,-195,-254,-120,-120,-120,-120,-120,-215,-215,-215,-215,-215,-189,-170,-151,-170,-170,-170,-111,-111,0,-170,-103,-170,-103,-235,-235,-6079,-5165,-5081,-5081,-5073,-4141,-4134,-4133,-29964,-29968,-29960,-29969,-29971,-29971,-29975,-29976,-29980,-29981,-29981,-29982,-29982,-29983,-29984,-29985,-29985,-29986,-29986,-29987,-29987,-8]} 1. e4 e6 2. d4 d5 3. Nd2 Nf6 4. e5 Nfd7 5. Bd3 c5 6. c3 Nc6 7. Ne2 cxd4 8. cxd4 f6 9. exf6 Qxf6 10. Nf3 h6 11. O-O Bd6 12. Bc2 O-O 13. Ng3 {C06: French Tarrasch: 3...Nf6 4 e5 Nfd7 5 Bd3 main lines} Rf7 14. Re1 Nf8 15. Nh5 Qd8 16. Ne5 Nxe5 17. dxe5 {LiveBook: 8 Games} Bc5 {[#]} 18. Nf4 $146 (18. Be3 $14 Qb6 19. Bxc5 Qxc5 20. Qd2) ({Predecessor:} 18. Be3 Qb6 19. Bxc5 Qxc5 20. Qd2 Bd7 {1-0 (43) Naroditsky,D (2559)-Ulybin,M (2498) Teplice 2014}) 18... Qb6 $11 19. Rf1 Bd7 20. a4 Rc8 21. Qe2 Qc7 22. Bb3 Bd4 23. Nd3 Qb6 24. Bd1 a5 25. Kh1 Be8 $36 {[%mdl 2048] Black fights for an advantage.} 26. Bd2 Qa6 27. Be3 Bxe3 28. Qxe3 Rfc7 29. Be2 Rc2 30. h3 Qc4 31. Rfc1 (31. Nf4 $142 Qb4 32. Kg1) 31... Qe4 $1 $17 (31... Bxa4 $6 32. Rxc2 Bxc2 33. Rxa5 $15) 32. Bd1 Qxe3 33. fxe3 Rxc1 34. Nxc1 Nd7 35. Nd3 (35. Nb3 $17 {was worth a try.}) 35... Rc6 36. Bg4 Bf7 37. Re1 Rc4 38. Nf4 (38. Bd1 $17 {was necessary.}) 38... Nc5 $19 ({Don't do} 38... Rxa4 39. Bxe6 Bxe6 40. Nxe6) 39. Ra1 (39. Be2 $142 Rc2 40. Rb1) 39... b6 ({Weaker is} 39... Rxa4 40. Rxa4 Nxa4 41. Nd3 $19) 40. Ra3 Kf8 ({Much less strong is} 40... Nxa4 41. Nxe6 Rc1+ 42. Kh2) 41. Kg1 Ke7 42. Be2 (42. Nd3 $142) 42... Rxa4 43. Rc3 Rb4 (43... Ra1+ $142 44. Kh2 Re1) 44. Nd3 Rb3 45. Rxb3 Nxb3 {[%mdl 4096] Endgame KBN-KBN} 46. Bd1 (46. Ne1 {might work better.}) 46... Nc5 (46... Nd2 $1 $19 {Hoping for ...Bg6.} 47. Kf2 Bg6) 47. Nxc5 $17 bxc5 {KB-KB} 48. Kf2 Bg6 49. Ke1 (49. g3 $17) 49... Be4 $19 50. g3 Kf7 $1 51. Bh5+ Bg6 52. Be2 Bf5 53. g4 Be4 54. h4 Kg6 ({Black should try} 54... g5 $19 55. h5 Ke8) 55. Bb5 $17 Kf7 (55... Bf3 $17 56. Be8+ Kh7) 56. Be2 $1 $19 Ke7 ({Black should play} 56... g5 $19 57. h5 Kf8) 57. Kd2 (57. g5 $17 {was called for.}) 57... d4 (57... g5 $1 $19 {[%cal Rg5h4]} 58. h5 Kd8) 58. exd4 (58. g5 $17) 58... cxd4 59. Bd3 $2 (59. Bb5) 59... Bxd3 60. Kxd3 {[#] KP-KP} Kd7 $1 {[%cal Rd7c6]} 61. Kxd4 Kc6 62. Kc4 Kb6 63. g5 hxg5 {Black mates.} 64. hxg5 {K3P-K3P} g6 65. Kb3 {[#]} Kb5 $1 66. Ka2 Kb4 67. Ka1 Kc4 68. Ka2 Kd5 69. Kb3 Kxe5 70. Ka4 Kd4 71. Kxa5 e5 {[%cal Be6e5,Be5e4][%mdl 32]} 72. Ka4 e4 73. Kb3 Ke5 $2 {[%mdl 32768] Precision: White = 35%, Black = 60%. . Sensor Board Error (Ke4/e5)?} (73... Kd3 {mates} 74. Kb4 e3 75. Kc5 e2 76. Kb6 e1=Q 77. b3 Qe3+ 78. Kc6 Qxg5 79. Kc7 Qf4+ 80. Kb7 g5 81. Kb6 g4 82. Kb7 Qb4+ 83. Kc6 g3 84. Kc7 g2 85. Kc6 g1=Q 86. Kd7 Qg6 87. Kd8 Qgd6+ 88. Ke8 Qe7#) 0-1

[Event "Diamond Cement GM Open 2018"]
[Site "Chittagong"]
[Date "2018.09.03"]
[Round "2"]
[White "Mohammad Fahad, Rahman"]
[Black "Neelash, Saha"]
[Result "1-0"]
[WhiteElo "2263"]
[BlackElo "2373"]
[Annotator "TA"]
[PlyCount "97"]
[EventDate "2018.09.02"]
[EventCountry "BAN"]
[SourceTitle "playchess.com"]
[Source "ChessBase"]
[SourceQuality "1"]

{[%evp 22,97,27,0,31,-5,39,12,43,23,77,74,75,65,151,122,130,127,139,137,213,81,80,96,83,76,245,168,221,195,232,179,161,0,272,259,262,269,255,254,234,231,260,214,287,286,265,279,267,270,360,360,360,352,352,327,356,310,324,321,387,375,410,416,508,508,508,504,29972,29973,29973,29974,29975,29976,29977,29979,29979,29980]} 1. e4 c5 2. Nc3 d6 3. Nf3 a6 4. d4 cxd4 5. Nxd4 Nf6 6. f3 e5 7. Nb3 Be6 8. Be3 h5 9. Qd2 Nbd7 10. Nd5 {B90: Sicilian Najdorf: Unusual White 6th moves, 6 Be3 Ng4 and 6 Be3 e5} Nxd5 (10... Bxd5 11. exd5 g6 12. Be2 Bg7 13. O-O a5 14. a4 O-O 15. Bb5 Qc7 16. c4 b6 17. h3 Nc5 18. Nxc5 bxc5 {½-½ (49) Carlsen,M (2842)-Vachier Lagrave,M (2779) Biel 2018}) 11. exd5 Bf5 12. c4 {LiveBook: 3 Games. White has an edge.} Rc8 13. Rc1 $146 ({Predecessor:} 13. Be2 b6 14. O-O h4 15. Rac1 Qf6 16. c5 bxc5 17. Bxa6 Ra8 {1-0 (25) Palac,M (2584)-Gabuzyan,H (2565) Padova 2014}) 13... Be7 14. Be2 O-O 15. O-O (15. Na5 $5 {[%cal Ra5b7]}) 15... Bg6 {[#]} (15... b6 $11 {keeps the balance.}) 16. Na5 $1 $16 Qc7 17. b4 Rfe8 (17... Nf6 $14) 18. Rfd1 b6 19. Nc6 Bf8 20. a4 Nb8 {[#]} (20... a5 $16 {keeps fighting.}) 21. c5 (21. a5 $1 $18 {[%cal Ra5b6] is the precise move to win.} bxa5 22. Nxa5) 21... dxc5 22. Nxb8 Rxb8 23. d6 Qc6 $2 (23... Qd7 $16) 24. bxc5 Red8 (24... bxc5 {might work better.} 25. a5 (25. Rxc5 Qxa4 26. Ra5 Qc2 $16) 25... e4) 25. cxb6 $18 {[%cal Bc5b6,Bb6b7][%mdl 32]} Qxa4 26. Rc4 Qb3 27. Rb4 $2 (27. Rc3 $18 Qa4 28. Qb2) 27... Qc2 $2 {[%mdl 8192]} (27... Qa3 $1 $11 28. Rc4 (28. Bc5 Rxb6 29. Rc4 Qb2 $11) 28... Rxd6) 28. Qxc2 ({Don't take} 28. Bxa6 $6 Bxd6 29. Rb5 Qa4 $16) 28... Bxc2 29. Rd2 Bf5 30. b7 {And now Ba7 would win.} a5 31. Rbb2 Bxd6 32. Bb6 Bc5+ 33. Bxc5 Rxd2 34. Rxd2 Rxb7 35. Ra2 e4 36. Rxa5 Rb2 37. Kf1 exf3 38. Bxf3 h4 39. Bd4 Bd3+ 40. Ke1 Rb4 41. Bc3 Rc4 42. Kd2 Be4 43. Bxe4 Rxe4 {[%mdl 4096] Endgame KRB-KR} 44. Rg5 g6 (44... Ra4 $18 45. Bxg7 Kh7) 45. Re5 {White mates.} Rxe5 46. Bxe5 Kh7 47. Bf6 h3 48. gxh3 {[%cal Bg2h3,Bh3h4][%mdl 32]} Kh6 49. h4 {Precision: White = 60%, Black = 32%.} 1-0

[Event "Diamond Cement GM Open 2018"]
[Site "Chittagong"]
[Date "2018.09.03"]
[Round "2"]
[White "Abu Sufian, Shakil"]
[Black "Mohammad Minhaz Uddin"]
[Result "1/2-1/2"]
[WhiteElo "2247"]
[BlackElo "2328"]
[Annotator "TA"]
[PlyCount "31"]
[EventDate "2018.09.02"]
[EventCountry "BAN"]
[SourceTitle "playchess.com"]
[Source "ChessBase"]
[SourceQuality "1"]

{[%evp 22,31,22,24,26,0,4,14,14,2,22,6]} 1. e4 $146 e5 2. Nf3 Nc6 3. Bc4 Bc5 4. d3 Nf6 5. O-O O-O 6. Re1 d6 7. c3 h6 8. h3 a5 {[%cal Ba7a5,Ba5a4][%mdl 32] C54: Giuoco Piano: 4 c3 Nf6, main lines with 5 d4 and 5 d3} 9. Bb3 Bd7 10. Nbd2 {[%cal Bb1d2,Bd2f1,Bf1g3][%mdl 32]} a4 11. Bc2 b5 12. Nf1 {LiveBook: 4 Games} Bb6 13. Ng3 Ne7 {The position is equal.} 14. d4 Ng6 15. Be3 Re8 16. Qd2 1/2-1/2

[Event "Diamond Cement GM Open 2018"]
[Site "Chittagong"]
[Date "2018.09.03"]
[Round "2"]
[White "Md., Sharif Hossain"]
[Black "Mohammed Abdul, Malek"]
[Result "1-0"]
[WhiteElo "2182"]
[BlackElo "2186"]
[Annotator "TA"]
[PlyCount "77"]
[EventDate "2018.09.02"]
[EventCountry "BAN"]
[SourceTitle "playchess.com"]
[Source "ChessBase"]
[SourceQuality "1"]

{[%evp 10,77,21,19,24,26,26,-14,-14,-11,36,0,0,0,48,0,0,5,140,148,136,53,39,37,51,40,69,69,62,62,58,26,26,25,93,14,139,99,183,104,114,100,408,402,399,390,392,404,404,399,403,368,380,359,393,367,518,524,530,567,548,515,545,508,514,513,831,856,846,828]} 1. e4 c6 2. d4 g6 3. f4 d5 4. e5 h5 5. c3 (5. Nf3 Nh6 6. Be3 Bg7 7. Nc3 Bg4 8. h3 Nf5 9. Bf2 Bxf3 10. Qxf3 h4 11. O-O-O e6 12. Bd3 Nd7 13. Kb1 Bf8 14. Ne2 b5 15. Ng1 Qb6 16. Be2 c5 17. dxc5 Bxc5 18. Bxc5 Nxc5 {1-0 (54) Frolyanov,D (2540)-Muromtsev,A (2230) Samara 2018}) 5... Nh6 6. Nf3 {LiveBook: 4 Games. B12: Caro-Kann: Advance Variation} Bf5 7. Be2 e6 8. O-O $146 {White has an edge.} ({Predecessor:} 8. Be3 Qb6 9. b3 c5 10. dxc5 Bxc5 11. Bxc5 Qxc5 {0-1 (43) Mimbela Lopez,M (2215)-Carruez Berges,F (2135) Zaragoza 1999}) 8... c5 9. Kh1 Qb6 10. dxc5 Bxc5 11. b4 Be3 12. Bxe3 Qxe3 13. Nd4 Ng4 {[#]} (13... Bg4 $11 {remains equal.}) 14. Qe1 $1 $16 Be4 {[#]} 15. Bxg4 (15. Nd2 $1 $16) 15... Qxe1 $14 16. Rxe1 {Threatens to win with Be2.} hxg4 17. Nd2 Bf5 18. Nb5 {Strongly threatening Nc7+.} Na6 19. Nd6+ Ke7 20. Nxb7 g3 21. h3 $36 {[%mdl 2048] Black must now prevent Nf3. White has good play.} Rh4 (21... d4 $1 $11) 22. Rf1 (22. Re3 $16) 22... Rah8 (22... Rc8 $1 $11) 23. Kg1 Nc7 (23... Rc8 $16 {was worth a try.}) 24. a4 (24. Rf3 $18) 24... d4 $16 25. c4 ({Don't take} 25. cxd4 Nd5 $14) 25... Rb8 $2 {[%mdl 8192]} (25... Na6 $16) 26. Na5 $18 Kd7 27. b5 Bd3 28. Rf3 Be2 29. Rxg3 Rxf4 30. Re1 d3 31. Nab3 Ke7 32. Re3 Rd8 (32... Rh4 $142 33. Na5 Ra8) 33. Na5 {White is clearly winning.} Kf8 34. Nc6 Rd7 35. a5 {[%cal Ba4a5,Ba5a6][%mdl 32]} Na8 36. g3 Rf5 37. Rb1 Rb7 (37... Rh5 $142 38. c5 Nc7 39. Nxa7 Na6) 38. a6 Rc7 39. c5 {Precision: White = 57%, Black = 27%.} 1-0

[Event "Diamond Cement GM Open 2018"]
[Site "Chittagong"]
[Date "2018.09.03"]
[Round "2"]
[White "Dhar-Barua, Saheli"]
[Black "Rahman, Ziaur"]
[Result "0-1"]
[WhiteElo "2027"]
[BlackElo "2477"]
[Annotator "TA"]
[PlyCount "85"]
[EventDate "2018.09.02"]
[EventCountry "BAN"]
[SourceTitle "playchess.com"]
[Source "ChessBase"]
[SourceQuality "1"]

{[%evp 12,85,25,29,34,31,29,3,15,9,14,0,35,35,37,26,40,-34,-50,-70,-34,-96,-107,-202,-143,-143,-136,-140,-147,-129,0,24,175,149,170,129,253,95,81,53,33,73,260,249,241,237,257,121,121,91,79,88,135,109,129,141,139,130,209,-123,-126,-305,-284,-533,-513,-506,-487,-416,-402,-29967,-29966,-29948,-4902,-6414,-6403,-5900]} 1. e4 g6 2. d4 Bg7 3. Nc3 d6 4. Be3 a6 5. h4 Nf6 (5... h6 6. Qd2 b5 7. f3 Bb7 8. O-O-O Nd7 9. Kb1 Nb6 10. Bd3 Nf6 11. Nh3 Nfd7 12. Nf4 e6 13. Nce2 {0-1 (43) Fressinet,L (2662)-Petrosian,T (2601) Riadh 2017}) 6. Be2 {B06: Moderne Verteidigung} h5 7. f3 {LiveBook: 6 Partien} c6 8. Qd2 {Weiß steht etwas besser.} b5 {[%cal Bb7b5,Bb5b4][%mdl 32]} 9. Nh3 Bxh3 10. Rxh3 Nbd7 11. a4 b4 $146 ({Vorgänger:} 11... O-O 12. Nd1 c5 13. d5 Ne5 14. Bg5 {1-0 (46) Rasmussen,A (2498)-Thiede,L (2437) Berlin 2015}) 12. Nd1 c5 13. a5 Qc7 14. b3 (14. d5 $14) 14... O-O $15 15. Nf2 Rfc8 16. Bc4 ({Besser ist} 16. Ra2 $15) 16... e6 $1 $17 17. f4 (17. Ra2 $17) 17... Qb7 18. e5 cxd4 19. Bxd4 dxe5 20. fxe5 Ne8 $2 (20... Ng4 $1 $17 21. Nxg4 hxg4) 21. Qf4 $11 Rc5 $2 (21... Nc7 $11) 22. Nd3 $1 $18 {[%cal Rd3c5]} ({Und nicht} 22. Bxc5 Bxe5 23. Qf3 Qxf3 $11) 22... Rc7 23. Rf3 $36 {[%mdl 2048] Weiss ist am Drücker.} Nb8 (23... Kh7 $16) 24. Nc5 $2 (24. O-O-O $18) 24... Qc8 $16 25. Na4 {Schwarz muss nun Sb6 beachten.} Nc6 26. Nb6 Nxd4 $2 (26... Qd8 $16 27. Rd1 (27. Nxa8 Nxd4 28. Rf2 Nxc2+ 29. Rxc2 Rc5 $14) 27... Rb8) 27. Nxc8 $18 Nxf3+ 28. gxf3 {Und weiter mit Sb6 wäre nett.} ({Viel schwächer ist} 28. Qxf3 $6 Rcxc8 29. Qe3 Nd6 $16) 28... Rcxc8 29. Qe4 (29. O-O-O $18 {bietet bessere Gewinnchancen.} Rc7 30. Rd2) 29... Nd6 $16 30. exd6 {[%cal Be5d6,Bd6d7][%mdl 32]} Bxa1 31. d7 Rd8 {[#]} 32. Qb7 $1 Bf6 33. Bxa6 Bxh4+ 34. Ke2 {Droht stark Db5.} Be7 {[#]} (34... Bg3 $16) 35. Qc6 $2 (35. Qb5 $1 $18) 35... Ra7 $17 36. Bc8 $2 (36. Kf1 $17) 36... Rxa5 $19 37. c4 $2 (37. Kf1) 37... h4 {[%cal Bh5h4,Bh4h3][%mdl 32]} 38. Kf2 Ra2+ 39. Kg1 h3 40. Qb6 (40. c5 $19) 40... Kg7 41. Kh1 Rh8 (41... h2 $142 42. Qe3 Bf6 43. Qe1 Rh8 44. c5 Ra1 45. Qxa1 Bxa1 46. f4 Bd4 47. Bb7 Bxc5 48. Ba6 Bb6 49. Bd3 Rh3 50. Bc4 Kf6 51. Ba6 Rxb3 52. Kxh2 Rc3 53. Bb7 Kf5 54. Bh1 b3 55. Ba8 b2 56. d8=Q Bxd8 57. Bf3 b1=Q 58. Bg2 Kxf4 59. Ba8 Rc2+ 60. Bg2 Qf1 61. Kh3 Qxg2#) 42. Qd4+ Bf6 43. Qe4 {Precision: Weiß = 23%, Schwarz = 40%.} 0-1

[Event "Diamond Cement GM Open 2018"]
[Site "Chittagong"]
[Date "2018.09.03"]
[Round "3"]
[White "Lalith Babu M R"]
[Black "Mohammad Fahad, Rahman"]
[Result "1-0"]
[WhiteElo "2527"]
[BlackElo "2263"]
[Annotator "TA"]
[PlyCount "32"]
[EventDate "2018.09.02"]
[EventCountry "BAN"]
[SourceTitle "playchess.com"]
[Source "ChessBase"]
[SourceQuality "1"]

{[%evp 9,32,-18,-6,-23,-22,-42,-33,-50,-39,-98,-100,-96,-31,-109,-97,-91,-48,-35,-8,-100,-29,-29,239,-60,307]} 1. Nf3 Nc6 2. g3 e5 3. Nc3 (3. d3 d5 4. Bg2 Nf6 5. O-O Be7 6. c4 O-O 7. cxd5 Nxd5 8. Nc3 Nb6 9. Be3 Re8 10. Rc1 Bf8 11. Na4 Nd4 12. Nc5 c6 13. Nb3 Nxb3 14. Qxb3 Be6 15. Qc2 Nd5 16. Bd2 f6 17. a3 a5 18. e4 Nc7 19. Be3 Nb5 20. Rfd1 {1-0 (36) Nakamura,H (2786)-Grigoriants,S (2576) chess.com INT 2017}) 3... g6 4. Bg2 d6 5. O-O Bg7 6. a3 $146 {A04: Unusual lines after 1 Nf3 and King's Indian Attack} ({Predecessor:} 6. e4 Nge7 7. d3 O-O 8. Bg5 h6 9. Be3 Kh7 10. Ne1 f5 11. f4 {½-½ (11) Bokan,D (2255)-Sarapu,O (2325) Tallinn 1989}) 6... Nge7 7. b4 O-O 8. Rb1 f5 9. Na4 (9. b5 $15 Na5 10. e3) 9... e4 $17 10. Ne1 d5 (10... b5 $17 11. Nc3 a6) 11. b5 (11. d3 $15) 11... Na5 12. d3 {[%cal Bd2d3,Bd3e4][%mdl 32]} Re8 13. Bd2 b6 14. Bb4 (14. c4 $11 {keeps the balance.}) 14... Bb7 (14... a6 $17 15. c4 Nb7) 15. dxe4 Bf8 $2 {[%mdl 8192] [#]} (15... dxe4 $11 {and Black is okay.} 16. Bxa5 bxa5) 16. Rc1 $2 ({White should try} 16. exd5 $18 {Bxa5 is the strong threat.} Nc8 17. Bc3) 16... Kg7 $2 {[%mdl 8192] Precision: White = 17%, Black = 10%.} (16... dxe4 $15 {stays ahead.} 17. Bxa5 bxa5) 1-0

[Event "Diamond Cement GM Open 2018"]
[Site "Chittagong"]
[Date "2018.09.03"]
[Round "3"]
[White "Barua, Dibyendu"]
[Black "Mollah Abdullah, Al Rakib"]
[Result "0-1"]
[WhiteElo "2443"]
[BlackElo "2472"]
[Annotator "TA"]
[PlyCount "9"]
[EventDate "2018.09.02"]
[EventCountry "BAN"]
[SourceTitle "playchess.com"]
[Source "ChessBase"]
[SourceQuality "1"]

{[%evp 9,9,-244]} 1. e4 e5 2. Bc4 Nf6 3. d3 c6 4. Nf3 d5 5. Nc3 $146 ({Predecessor:} 5. Bb3 Bb4+ 6. Bd2 Bxd2+ 7. Nbxd2 a5 8. c3 Nbd7 9. exd5 cxd5 10. O-O O-O 11. Re1 Re8 12. Nf1 b5 13. a4 b4 14. cxb4 axb4 15. Ne3 {1-0 (77) Carlsen,M (2843)-Caruana,F (2822) Stavanger 2018}) 0-1

[Event "Diamond Cement GM Open 2018"]
[Site "Chittagong"]
[Date "2018.09.03"]
[Round "3"]
[White "Neelash Saha"]
[Black "Kayastha, Madan Krishna"]
[Result "1-0"]
[WhiteElo "2373"]
[BlackElo "2077"]
[Annotator "TA"]
[PlyCount "38"]
[EventDate "2018.09.02"]
[EventCountry "BAN"]
[SourceTitle "playchess.com"]
[Source "ChessBase"]
[SourceQuality "1"]

{[%evp 9,38,-29,11,-1,14,-352,36,-126,-27,-25,260,-22,165,-27,550,-450,120,-457,227,-75,856,-338,744,78,1361,-98,1437,44,611,-28,1400]} 1. Nc3 Nf6 2. f3 c6 3. e4 e6 4. Bc4 Nh5 5. Nge2 Be7 6. O-O {A00: Unregelmäßige Eröffnungen} O-O 7. Nf4 $2 {[%mdl 8192]} (7. Bb3 $11) 7... Qa5 $2 ({Günstiger ist} 7... Nxf4 $19 8. d4 b5 9. Bxf4 bxc4) 8. Nd3 $2 (8. Nxh5 $14 {bleibt weiter vorne.} Qxh5 9. Be2) 8... Qc7 (8... b5 $1 $17 {[%cal Rb5c4]} 9. Bb3 c5) 9. f4 $11 a6 $2 {[%mdl 8192]} (9... g6 $11) 10. b4 $2 ({Weiss kommt nicht vorbei an} 10. Qxh5 $18 {zielt auf Tf3 ab.} d5 11. Bb3) 10... a5 $2 (10... g6 $11) 11. b5 $2 (11. Qxh5 $18 {Und weiter mit b5 wäre nett.} b5 12. Bb3) 11... c5 $2 {[%mdl 8192]} (11... Nf6 $11 {und Schwarz ist OK.}) 12. Nxc5 $4 {[%mdl 8192]} (12. Qxh5 $18 g6 13. Qh6) 12... b6 $2 (12... Bxc5+ 13. Kh1 $19) (12... Qxc5+ $19 13. Rf2 Bh4) 13. e5 $2 {[%mdl 8192]} (13. N5a4 $16 {Schwarz muss nun Ld5 beachten.} Qxc4 14. Qxh5) 13... f5 $4 {[%mdl 8192]} (13... Bxc5+ $2 14. Kh1 $19) (13... Qxc5+ $19 {und Schwarz kann entspannen.} 14. Rf2 Bh4) 14. Be2 $2 (14. Nd5 $1 $18 {[%cal Rd5c7]} exd5 15. Bxd5+ Kh8 16. Nd3 (16. Bxa8 Qxc5+ 17. d4 Qc3 $16)) 14... Ra6 $2 {[%mdl 8192]} (14... Qxc5+ $17 15. Kh1 Nxf4 $1 {[%mdl 512]} 16. Rxf4 Qxe5) 15. Kf2 $4 {[%mdl 8192]} (15. Nxa6 $18 {nur so kann Weiss gewinnen.} Nxa6 16. bxa6) 15... Kf7 $4 {[%mdl 8192]} ({Schlechter ist} 15... Bxc5+ 16. d4 $16) (15... Qxc5+ $19 16. d4 Qxc3 17. bxa6 Qxa1) 16. Ba3 $2 (16. Nxa6 $18 {ist viel giftiger.} Nxa6 17. Bxh5+ g6 18. Bf3) 16... Kg6 $2 {[%mdl 8192]} (16... Bxc5+ $16 17. Bxc5 (17. d4 Bxa3 18. bxa6 Bxa6 $11) 17... Qxc5+ 18. d4 Qxc3 19. Bxh5+ g6) 17. Ke3 $2 (17. Nxa6 $18 Qd8 18. Bxh5+ Kh6 19. g4 fxg4 20. Qxg4) 17... Rg8 $2 {[%mdl 8192]} (17... Bxc5+ $17 18. Bxc5 Qxc5+ 19. Kd3 {[#]} Nxf4+ $1 {[%mdl 512]} 20. Rxf4 Qxe5 21. Bh5+ Kh6) 18. h3 $2 (18. Bxh5+ $18 Kh6 19. Nxa6) 18... Ra8 $2 {[%mdl 8192]} (18... Bxc5+ $14 19. d4 Nxf4 20. Kxf4 Bxa3 21. bxa6 Qxc3 22. Bh5+ Kh6) 19. h4 $2 (19. Na6 $18 Qd8 20. Bxh5+ Kh6 21. Bf7) 19... Ra6 $2 {[%mdl 8192] Precision: Weiß =  1%, Schwarz =  0%.} ({Jedoch nicht} 19... Bxc5+ 20. d4 $17) (19... Ng3 $11 20. Na6 Qd8 21. Bxe7 Qxe7) 1-0

[Event "Diamond Cement GM Open 2018"]
[Site "Chittagong"]
[Date "2018.09.03"]
[Round "3"]
[White "Mohammad Minhaz Uddin"]
[Black "Md., Sharif Hossain"]
[Result "*"]
[WhiteElo "2328"]
[BlackElo "2182"]
[Annotator "TA"]
[PlyCount "28"]
[EventDate "2018.09.02"]
[EventCountry "BAN"]
[SourceTitle "playchess.com"]
[Source "ChessBase"]
[SourceQuality "1"]

{[%evp 26,28,-150,-120,-141]} 1. e4 c5 2. Nf3 Nc6 3. d4 cxd4 4. Nxd4 Nf6 5. Nc3 e5 6. Ndb5 d6 7. Bg5 a6 8. Na3 b5 9. Bxf6 gxf6 10. Nd5 f5 11. exf5 Bxf5 12. Qf3 Nd4 13. Nc7+ Qxc7 14. Qxa8+ {LiveBook: 15 Games} Ke7 {B33: Sicilian: Pelikan and Sveshnikov Variations} *